000 00294nam a22001217a 4500
008 230606b xxu||||| |||| 00| 0 eng d
082 _a340.05676
_bJOU
245 _aEast African Law Journal
260 _bEAC and University of Nairobi
_c2004
300 _aIV,163p
440 _v1
942 _2ddc
_cBK
999 _c671
_d671